Fyzikálno-chemické spôsoby odstraňovania tetovacích farbív z ľudskej kože a potenciálne zdravotné riziká

Salvato in:
Dettagli Bibliografici
Autore principale: Rudinská, Dominika (Autore)
Altri autori: Lukeš, Vladimír (Relatore della tesi)
Natura: Manoscritto Libro
Lingua:slovacco
Pubblicazione: 2021
Soggetti:
Accesso online:http://is.stuba.sk/zp/portal_zp.pl?podrobnosti=149058
Tags: Aggiungi Tag
Nessun Tag, puoi essere il primo ad aggiungerne!!

MARC

LEADER 00000ntm a22000003a 4500
001 stuzp83488
003 SK-STU
005 20210626210916.8
007 ta
008 150427s2015----xo-----f-mn---000-0-slo-d
040 |a STU  |b slo 
041 0 |a slo 
100 1 |a Rudinská, Dominika  |u 045280  |k Z4  |4 aut  |U FCHPT Ústav fyzikálnej chémie a chemickej fyziky  |T FCHPT Oddelenie chemickej fyziky  |X 97524  |U C5280  |Y 118  |7 97524 
242 0 1 |a Physico-chemical Methods of Removing Tattoo Inks From Human Skin And Potential Health Risks  |y eng 
245 1 0 |a Fyzikálno-chemické spôsoby odstraňovania tetovacích farbív z ľudskej kože a potenciálne zdravotné riziká 
260 |c 2021 
650 4 |a tetovací pigment  |2 slo 
650 4 |a odstraňovanie tetovania  |2 slo 
650 4 |a lekárska kozmetika  |2 slo 
650 4 |a systematický pohľad  |2 slo 
650 4 |a DFT  |2 slo 
650 4 |a chemoinformatika  |2 slo 
650 4 |a tattoo removal  |2 eng 
650 4 |a medical cosmetics  |2 eng 
650 4 |a systematic view  |2 eng 
650 4 |a DFT  |2 eng 
650 4 |a chemoinformatics  |2 eng 
650 4 |a tattoo pigment  |2 eng 
700 1 |a Lukeš, Vladimír  |u 045280  |k Z1  |4 ths  |U FCHPT Ústav fyzikálnej chémie a chemickej fyziky  |T FCHPT Oddelenie chemickej fyziky  |X 3916  |U C5280  |Y 118  |7 A000003916 
856 4 |u http://is.stuba.sk/zp/portal_zp.pl?podrobnosti=149058